000 02047nam0a2200373 4500
001 RU\NLR\BIBL_A\012176529
005 20200130171011.0
010 _a978-5-6041419-0-8
021 _aRU
_bКН-П-19-094138
_9КН-П-19-6899
035 _a(NLR Aleph) 012176529
035 _a(RuMoRGB)010190994
090 _a12264708
_c12264708
100 _a20200109d2018 u y0rusy50 ca
101 0 _arus
102 _aRU
105 _aac||z|||010zy
181 0 _ai
_baxxe
182 0 _an
200 1 _aВолшебный мир стекла и хрусталя
_e[каталог произведений]
_eк 90-летию Народного художника России Бориса Тимофеевича Бычкова
_fМинистерство культуры и архивов Иркутской области, Иркутский областной художественный музей им. В. П. Сукачева
_g[составитель: Ольга Борисовна Бычкова-Бельская]
203 _aТекст
_bвизуальный
_cнепосредственный
210 _aИркутск
_c[б. и.]
_d2018
215 _a36 с.
_cил., цв. ил., портр.
_d21х21
600 1 _aБычков
_bБ. Т.
_f1928 - 2005
_gБорис Тимофеевич
_jКаталоги
_92436158
_3RU\NLR\AUTH\6601667684
686 1 _aЩ125.23(2Р=Рус)7-8Бычков я26
702 1 _4220
_aБычкова-Бельская
_bО. Б.
_f1957-
_gОльга Борисовна
_9215108
_3RU\NLR\AUTH\770215164
702 1 _4570
_7ca
_8rus
_aБычков
_bБ. Т.
_cхудожник
_f1928-2005
_gБорис Тимофеевич
_9215122
_3RU\NLR\AUTH\770215178
712 0 2 _4475
_aИркутский областной художественный музей им. В. П. Сукачева
_9566913
_3RU\NLR\AUTH\8810034286
942 _cBOOK
980 _aNBR
980 _aNB